000 004600000a22001690004500
003 MACL
005 20151216161755.0
008 151216b xxu||||| |||| 00| 0 eng d
040 _aMACL
_cMACL
041 _aEnglish
082 _a030/FRO
100 _aEncyclopaedia Britannica Ltd
_920451
245 _aEncyclopaedia Britannica
_bVol 23 Vase to Zygote
260 _bEncyclopaedia Britannica Ltd
650 _aEncyclopaedia
_920505
942 _cBK
_k030/FRO
_2ddc
999 _c40515
_d40515